00858nam a2200241 a 450000100060000000300080000600500170001400800390003103500190007004000270008904100080011608200210012424501130014526000470025830000270030550400200033265000230035270000370037570000280041294200120044099900170045295201470046933255BD-RjUL20211209051955.0140430r19611956nyu 001 0 eng a(BD-RjUL)33346 aDLCcWSUdBD-RjULbeng aeng a301.01bSOC 196100aSociological theory :bpresent-day sociology from the past /cedited by Edgar F. Borgatta and Henry J. Meyer aNew York :bKnopf,c1956 [Reprinted 1961]. axvii, 546 p. ;c24 cm. aIncludes index. 0aSociology.91009781 aBorgatta, Edgar F.,d1924-974201 aMeyer, Henry J.9100979 2ddccBK c33255d33255 00102ddc40718NFICaRUCLbRUCLcReadingd1964-10-26eMirza Book Agencyg35.00l0o301.01 SOC 1961r2014-04-30 00:00:00tC-1w2014-04-30yBK